Basics of undergraduate mathematics and statistics / (Record no. 85272)

MARC details
000 -LEADER
fixed length control field 00625nam a22001937a 4500
005 - DATE AND TIME OF LATEST TRANSACTION
control field 20140808115451.0
010 ## - LCCN (DPL NO)
LC control number ENG-110274
020 ## - INTERNATIONAL STANDARD BOOK NUMBER
International Standard Book Number 9789350978917
Terms of availability 435.00
035 ## - SYSTEM CONTROL NUMBER
System control number EN-93806
037 ## - SOURCE OF ACQUISITION
Source of stock number/acquisition DBAD/PUB
082 ## - DEWEY DECIMAL CLASSIFICATION NUMBER
Classification number 519.5
100 ## - MAIN ENTRY--PERSONAL NAME
Personal name Bhukta, Anindya
245 ## - TITLE STATEMENT
Title Basics of undergraduate mathematics and statistics /
Statement of responsibility, etc by Anindya Bhukta [and] Debaprasanna Biswas
260 ## - PUBLICATION, DISTRIBUTION, ETC. (IMPRINT)
Place of publication, distribution, etc Mumbai
Name of publisher, distributor, etc Himalaya Publishing House
Date of publication, distribution, etc 2013
270 ## - ADDRESS
Address Ramdoot, Dr. Bhalerao Marg, Girgaon
City Mumbai
Postal code 400004
300 ## - PHYSICAL DESCRIPTION
Extent 471p.:
Dimensions 24cm(pbk)
Other physical details ill.
700 ## - ADDED ENTRY--PERSONAL NAME
Personal name Biswas, Debaprasanna
942 ## - ADDED ENTRY ELEMENTS (KOHA)
Source of classification or shelving scheme Dewey Decimal Classification
Item type English Books
Call number suffix BHU
Classification part 519.5
Holdings
Withdrawn status Lost status Not for loan Collection code Home library Current library Date acquired Source of acquisition Cost, normal purchase price Full call number Barcode Copy number Cost, replacement price Koha item type
    Not For Loan Non-fiction D.B.Act.Division D.B.Act.Division 26/06/2014 ENG-110274 435.00 519.5 BHU EN-93806 1 435.00 English Books

© Delhi Public Library
Hit Counter
free hit counter